| 000 | 00908nam a2200301Ia 4500 | ||
|---|---|---|---|
| 003 | OSt | ||
| 005 | 20221007122128.0 | ||
| 006 | a|||||r|||| 00| 0 | ||
| 007 | ta | ||
| 008 | 221006b |||||||| |||| 00| 0 eng d | ||
| 020 | _a817319369X (pbk) | ||
| 024 | _a11061 | ||
| 037 |
_bVardhman, _cTextual |
||
| 040 |
_aPAPL _cPAPL _beng |
||
| 041 |
_2eng _aeng |
||
| 082 | _aCN30, P1-;1 | ||
| 100 |
_aLahiri Amitabha _9561389 |
||
| 245 | 0 |
_aFirst book of quantum field theory _b Pal Palash B |
|
| 260 |
_aNew _bDelhi Narosa Publishing House _c2001 |
||
| 300 |
_axv, 371p _ccm. |
||
| 500 | _aAppendix A, 352-361p; Index 361-371p | ||
| 650 |
_a Quantum field theory _9713519 |
||
| 650 |
_a Quantum theory _9612792 |
||
| 650 | _aPhysics | ||
| 700 |
_a Pal Palash B _9713520 |
||
| 942 |
_hCN30, P1-;1 _cTEXL _2CC |
||
| 999 |
_c1209797 _d1209797 |
||